University Home | Library Home | Institutional Repository

Rien qu'une femme : (Record no. 85261)

MARC details
000 -LEADER
fixed length control field 00520cam1a220019300 4500
001 - CONTROL NUMBER
control field tmp15829902
003 - CONTROL NUMBER IDENTIFIER
control field UPRA
005 - DATE AND TIME OF LATEST TRANSACTION
control field 20190816100209.0
008 - FIXED-LENGTH DATA ELEMENTS--GENERAL INFORMATION
fixed length control field 951104c19661924fr fre u
035 ## - SYSTEM CONTROL NUMBER
System control number (Sirsi) r47472
035 ## - SYSTEM CONTROL NUMBER
System control number (UPRA)tmp15829902
040 ## - CATALOGING SOURCE
Transcribing agency UPRA
100 1# - MAIN ENTRY--PERSONAL NAME
Personal name Carcon, Francis.
Linkage A5547.1
245 10 - TITLE STATEMENT
Title Rien qu'une femme :
Remainder of title roman.
260 ## - PUBLICATION, DISTRIBUTION, ETC.
Place of publication, distribution, etc. [Paris] :
Name of publisher, distributor, etc. Michel,
Date of publication, distribution, etc. [1966], c1924.
440 #0 - SERIES STATEMENT/ADDED ENTRY--TITLE
Title Livre de poche
Linkage S322.1
949 ## - LOCAL PROCESSING INFORMATION (OCLC)
a PQ2605.A55
w lcc
i -59089
m MAIN
t BOOK
l ON-SHELF

No items available.

© 2026 - The University of Zambia Library - Koha v25.11